[Event "Bischwiller II-Epinal"]
[Site "Metz"]
[Date "2007.11.25"]
[Round "3.2"]
[White "Murtez, Hondozi"]
[Black "Saatdjian, Thomas"]
[Result "1/2-1/2"]
[WhiteElo "2316"]
[BlackElo "2295"]
[PlyCount "55"]
[EventDate "2007.11.25"]
[SourceDate "2007.10.27"]

1. e4 c5 2. Nf3 d6 3. d4 cxd4 4. Nxd4 Nf6 5. Bd3 e5 6. Nf3 h6 7. h3 Be6 8. c4
Qc7 9. b3 a6 10. O-O Nbd7 11. Bb2 b5 12. cxb5 axb5 13. Nbd2 Qb7 14. Qe2 b4 15.
Rfc1 Be7 16. Bb5 Ra5 17. Bc4 Bxc4 18. Nxc4 Ra6 19. Nfd2 O-O 20. a4 bxa3 21.
Rxa3 Rfa8 22. Rca1 Rxa3 23. Rxa3 Rc8 24. Na5 Qb6 25. Nac4 Qb7 26. Na5 Qb6 27.
Nac4 Qb7 28. Na5 1/2-1/2

[Event "Bischwiller II-Epinal"]
[Site "Metz"]
[Date "2007.11.25"]
[Round "3.3"]
[White "Schulz, Vladimir"]
[Black "Bastian, Herbert"]
[Result "1/2-1/2"]
[WhiteElo "2190"]
[BlackElo "2391"]
[PlyCount "116"]
[EventDate "2007.11.25"]
[SourceDate "2007.10.27"]

1. Nf3 Nf6 2. d4 g6 3. c4 Bg7 4. Nc3 O-O 5. g3 d6 6. Bg2 c6 7. O-O Qa5 8. d5
Qa6 9. Nd2 Nbd7 10. Qc2 Ne5 11. b3 cxd5 12. cxd5 Bf5 13. Qd1 Bg4 14. h3 Rac8
15. hxg4 Rxc3 16. Bb2 Rc5 17. Bd4 Ra5 18. a4 Nxd5 19. f4 Nxg4 20. Nc4 Nc3 21.
Bxc3 Bxc3 22. Rc1 Bb4 23. e3 h5 24. Bf3 Nf6 25. Nxa5 Qxa5 26. Qd3 Qb6 27. Kg2
a6 28. e4 e5 29. f5 Kg7 30. fxg6 fxg6 31. Be2 Bc5 32. Rcd1 Qb4 33. Bf3 d5 34.
Rde1 dxe4 35. Bxe4 Ng4 36. Bf3 Bd4 37. Bxg4 hxg4 38. Qe2 Qxb3 39. Rxf8 Kxf8 40.
Qxg4 Qxa4 41. Qc8+ Ke7 42. Qxb7+ Kd6 43. Qb8+ Ke7 44. Qb7+ Kd6 45. Qb8+ Ke7 46.
Qc7+ Qd7 47. Rc1 Qxc7 48. Rxc7+ Kd6 49. Rg7 a5 50. Rxg6+ Kc5 51. Kf3 a4 52. Ra6
Kb4 53. Ke4 a3 54. g4 Kb3 55. g5 Bc5 56. g6 Bf8 57. Rb6+ Kc2 58. Ra6 Kb2
1/2-1/2

[Event "Bischwiller II-Epinal"]
[Site "Metz"]
[Date "2007.11.25"]
[Round "3.4"]
[White "Adrian, Claude"]
[Black "Veit, Michel"]
[Result "1-0"]
[WhiteElo "2279"]
[BlackElo "2063"]
[PlyCount "69"]
[EventDate "2007.11.25"]
[SourceDate "2007.10.27"]

1. Nf3 d5 2. d4 c6 3. c4 Nf6 4. Nc3 e6 5. g3 Bb4 6. Bg2 O-O 7. O-O Nbd7 8. Qb3
Bxc3 9. bxc3 Ne4 10. Ba3 Re8 11. Rad1 Nb6 12. Ne5 f6 13. cxd5 exd5 14. Bxe4
fxe5 15. dxe5 Bh3 16. Rfe1 Rxe5 17. Bb1 Qe8 18. e4 Bg4 19. Rd4 Bf3 20. Re3 Qh5
21. Bd6 Nc4 22. Rxf3 Nxd6 23. Kg2 h6 24. exd5 cxd5 25. Rxd5 Rxd5 26. Bf5 Kh8
27. Qxd5 Rb8 28. Be6 Qxd5 29. Bxd5 b6 30. c4 Rc8 31. Rf4 Kh7 32. h4 g6 33. Rf6
Rd8 34. Re6 Rd7 35. Bc6 1-0

[Event "Bischwiller II-Epinal"]
[Site "Metz"]
[Date "2007.11.25"]
[Round "3.5"]
[White "Didier, Quentin"]
[Black "Simon, Leopold"]
[Result "0-1"]
[WhiteElo "2063"]
[BlackElo "2138"]
[PlyCount "34"]
[EventDate "2007.11.25"]
[SourceDate "2007.10.27"]

1. c4 e6 2. Nc3 Nf6 3. e4 e5 4. Nf3 Nc6 5. d4 d6 6. dxe5 Nxe5 7. Nxe5 dxe5 8.
Qxd8+ Kxd8 9. Bg5 Be7 10. O-O-O+ Bd7 11. Be2 Ke8 12. Rd3 c6 13. Rhd1 Be6 14. b3
h6 15. Bh4 Nxe4 16. Bxe7 Nxc3 17. Rd8+ Kxe7 0-1

[Event "Bischwiller II-Epinal"]
[Site "Metz"]
[Date "2007.11.25"]
[Round "3.6"]
[White "Grenouilloux, Alain"]
[Black "Netzer, Jacques"]
[Result "1/2-1/2"]
[WhiteElo "2130"]
[BlackElo "2016"]
[PlyCount "47"]
[EventDate "2007.11.25"]
[SourceDate "2007.10.27"]

1. d4 Nf6 2. Nf3 g6 3. g3 Bg7 4. Bg2 O-O 5. O-O d6 6. Re1 Nbd7 7. e4 e5 8. c3
c6 9. Nbd2 Qc7 10. a4 b6 11. Qc2 Ba6 12. b3 Rfe8 13. Bb2 Rad8 14. Rad1 h6 15.
Bf1 Bxf1 16. Rxf1 Re6 17. dxe5 dxe5 18. Ba3 Bf8 19. Bxf8 Nxf8 20. Nc4 Rxd1 21.
Rxd1 b5 22. Ne3 bxa4 23. bxa4 N8d7 24. Nc4 1/2-1/2

[Event "Bischwiller II-Epinal"]
[Site "Metz"]
[Date "2007.11.25"]
[Round "3.7"]
[White "Saatdjian, Stephane"]
[Black "Cordier, Arnaud"]
[Result "0-1"]
[WhiteElo "1875"]
[BlackElo "2144"]
[PlyCount "58"]
[EventDate "2007.11.25"]
[SourceDate "2007.10.27"]

1. e4 c5 2. Nf3 d6 3. d4 cxd4 4. Nxd4 Nf6 5. f3 g6 6. c4 Bg7 7. Nc3 Nc6 8. Nc2
O-O 9. Be2 Bd7 10. O-O Rc8 11. Kh1 a6 12. Ne3 Ne8 13. Bd2 Nd4 14. Nc2 Nxe2 15.
Qxe2 b5 16. b3 Nc7 17. Rac1 bxc4 18. bxc4 Ne6 19. Nd5 Nc5 20. Rfd1 e6 21. Nde3
Qe7 22. Nb4 Rb8 23. Rb1 Rb7 24. Nd3 Rfb8 25. Rxb7 Rxb7 26. Nxc5 dxc5 27. Qd3
Ba4 28. Rb1 Qd7 29. Rxb7 Qxb7 0-1

[Event "Bischwiller II-Epinal"]
[Site "Metz"]
[Date "2007.11.25"]
[Round "3.8"]
[White "Baujard, Anne"]
[Black "Pomian Saatdjian, Joanna"]
[Result "1-0"]
[WhiteElo "1926"]
[BlackElo "1240"]
[PlyCount "65"]
[EventDate "2007.11.25"]
[SourceDate "2007.10.27"]

1. c4 c6 2. g3 Nf6 3. Bg2 e6 4. Nf3 d5 5. b3 Bd6 6. Bb2 Bd7 7. O-O O-O 8. Qc2
b5 9. Ng5 g6 10. cxb5 cxb5 11. e4 Be7 12. Qc3 Bc6 13. d3 a5 14. Nd2 Ra6 15.
Ndf3 b4 16. Qe5 Nbd7 17. Qf4 Bb5 18. Rfd1 Nc5 19. Qe3 Rc6 20. Ne5 Rc7 21. Ngf3
Ncd7 22. Nxd7 Qxd7 23. Ne5 Qd6 24. Qh6 d4 25. Nf3 e5 26. Qd2 Nd7 27. Qh6 Bf6
28. Bc1 Bg7 29. Qh4 Nf6 30. Bg5 Rcc8 31. Bf1 Rc7 32. Bh3 Re8 33. Nd2 {
suite illisible} 1-0

[Event "Reims Echec et Mat-Obernai"]
[Site "Metz"]
[Date "2007.11.25"]
[Round "3.1"]
[White "Varoquier, Romain"]
[Black "Dittmar, Peter"]
[Result "0-1"]
[WhiteElo "2071"]
[BlackElo "2318"]
[PlyCount "80"]
[EventDate "2007.11.25"]
[SourceDate "2007.10.27"]

1. e4 e6 2. d4 d5 3. Nd2 a6 4. c3 c5 5. exd5 exd5 6. dxc5 Bxc5 7. Nb3 Ba7 8.
Nf3 Ne7 9. Bd3 O-O 10. O-O Nbc6 11. Re1 Nf5 12. Bc2 Qd6 13. Qe2 Bd7 14. Bd2
Rae8 15. Qf1 Be6 16. Rad1 h6 17. Bc1 Rd8 18. Qd3 g6 19. Re2 Rfe8 20. Qd2 h5 21.
Rde1 Qf8 22. Qg5 Bc8 23. Bf4 Rxe2 24. Rxe2 Re8 25. Rd2 Bb6 26. Bxf5 Bxf5 27. h3
Be4 28. Nfd4 Bd8 29. Qg3 h4 30. Qg4 Ne5 31. Bxe5 Rxe5 32. Nf3 Bxf3 33. Qxf3 Qe7
34. g3 hxg3 35. fxg3 Re3 36. Qg4 Bc7 37. Rg2 Re4 38. Qc8+ Kg7 39. h4 Re1+ 40.
Kh2 Qxh4+ 0-1

[Event "Reims Echec et Mat-Obernai"]
[Site "Metz"]
[Date "2007.11.25"]
[Round "3.2"]
[White "Brunstein, Sandrine"]
[Black "Camus, Berenger"]
[Result "0-1"]
[WhiteElo "2081"]
[BlackElo "2157"]
[PlyCount "160"]
[EventDate "2007.11.25"]
[SourceDate "2007.10.27"]

1. e4 c5 2. Nf3 Nc6 3. c3 d5 4. exd5 Qxd5 5. Be2 e5 6. d3 Nf6 7. O-O Be7 8. h3
h6 9. Na3 O-O 10. Nb5 Qd7 11. Na3 Rd8 12. Be3 Qc7 13. Qc1 Be6 14. Rd1 Rac8 15.
b3 Nd5 16. Bd2 Bf6 17. Nh2 Qe7 18. Ng4 Bg5 19. Bxg5 hxg5 20. g3 f6 21. Nc4 g6
22. Nce3 Kg7 23. Nxd5 Bxd5 24. Ne3 Be6 25. Kg2 Rh8 26. Rh1 Qd7 27. g4 Ne7 28.
Qd2 Bd5+ 29. f3 Rcd8 30. Rad1 Be6 31. Qe1 Qc6 32. h4 gxh4 33. Rxh4 Rxh4 34.
Qxh4 g5 35. Qg3 Ng6 36. Kf2 Nf4 37. Ng2 Qb6 38. Kf1 Qa5 39. d4 Qxc3 40. dxe5
Rxd1+ 41. Bxd1 Qd3+ 42. Ke1 fxe5 43. Nxf4 exf4 44. Qf2 b6 45. Qb2+ Qd4 46. Qe2
Qg1+ 47. Kd2 Kf6 48. Qa6 Qe3+ 49. Kc2 Bf7 50. Be2 Bg6+ 51. Kd1 Qc3 52. Bc4
Qxf3+ 53. Ke1 Qe3+ 54. Kf1 f3 55. Qb5 Be4 56. Qd7 Qf4 57. Qe6+ Kg7 58. Qg8+ Kh6
59. Qh8+ Bh7 60. Bg8 Qc1+ 61. Kf2 Qd2+ 62. Kxf3 Qf4+ 63. Kg2 Qxg4+ 64. Kf1 Qf3+
65. Ke1 Qe4+ 66. Kf1 Qe7 67. Bxh7 Qxh7 68. Qf6+ Kh5 69. Qf3+ Kg6 70. Qc6+ Kf5
71. Qd5+ Kf4 72. Qd2+ Ke5 73. Qe3+ Kf6 74. Qc3+ Ke6 75. Qe3+ Kd7 76. Qd2+ Kc7
77. Kg2 Qe4+ 78. Kg1 Qg4+ 79. Kh1 Qh4+ 80. Kg1 Qd4+ 0-1

[Event "Reims Echec et Mat-Obernai"]
[Site "Metz"]
[Date "2007.11.25"]
[Round "3.3"]
[White "Oudot, Jean Baptiste"]
[Black "Grandidier, Raphael"]
[Result "1-0"]
[WhiteElo "2104"]
[BlackElo "2018"]
[PlyCount "51"]
[EventDate "2007.11.25"]
[SourceDate "2007.10.27"]

1. e4 c5 2. Nf3 Nc6 3. d4 cxd4 4. Nxd4 Nf6 5. Nc3 d6 6. Bc4 e6 7. Be3 Be7 8.
Qe2 O-O 9. O-O-O Qc7 10. Bb3 a6 11. Rhg1 Na5 12. g4 Nxb3+ 13. axb3 Nd7 14. g5
b5 15. Nf5 Nc5 16. Qh5 b4 17. Bd4 exf5 18. Nd5 Qd8 19. Nf6+ Bxf6 20. gxf6 g6
21. Qh6 Ne6 22. exf5 Qc7 23. fxe6 fxe6 24. Rxg6+ hxg6 25. Qxg6+ Kh8 26. f7+ 1-0

[Event "Reims Echec et Mat-Obernai"]
[Site "Metz"]
[Date "2007.11.25"]
[Round "3.4"]
[White "Remaitre, Alexandre"]
[Black "Garcia, Gilles"]
[Result "1/2-1/2"]
[WhiteElo "2058"]
[BlackElo "2017"]
[PlyCount "34"]
[EventDate "2007.11.25"]
[SourceDate "2007.10.27"]

1. e4 d5 2. exd5 Nf6 3. d4 Bg4 4. f3 Bf5 5. Bb5+ Nbd7 6. Ne2 a6 7. Bxd7+ Qxd7
8. c4 e6 9. dxe6 Bxe6 10. O-O Bd6 11. Bf4 O-O-O 12. Bxd6 Qxd6 13. Qb3 c5 14.
Rd1 cxd4 15. c5 Qd5 16. Qxd5 Rxd5 17. Rxd4 Rxc5 1/2-1/2

[Event "Reims Echec et Mat-Obernai"]
[Site "Metz"]
[Date "2007.11.25"]
[Round "3.5"]
[White "Billon, Olivier"]
[Black "Riotte, Christian"]
[Result "0-1"]
[WhiteElo "1928"]
[BlackElo "2038"]
[PlyCount "57"]
[EventDate "2007.11.25"]
[SourceDate "2007.10.27"]

1. e4 c6 2. d4 d5 3. exd5 cxd5 4. c4 Nf6 5. Nc3 e6 6. Nf3 Be7 7. a3 O-O 8. cxd5
exd5 9. Qc2 Re8 10. Be2 Bg4 11. O-O Nc6 12. Qd3 a6 13. Re1 Bh5 14. Ne5 Nxe5 15.
dxe5 Bg6 16. Qd1 Ne4 17. Nxd5 Bc5 18. Be3 Rxe5 19. Bc4 Nxf2 20. Bxc5 Nxd1 21.
Rxe5 Nxb2 22. Bb6 Qd6 23. Rae1 h6 24. Ne7+ Kh7 25. Bc5 Qd2 26. Nxg6 Nxc4 27.
R5e2 Qg5 28. Nf8+ Kg8 29. Re8 0-1

[Event "Reims Echec et Mat-Obernai"]
[Site "Metz"]
[Date "2007.11.25"]
[Round "3.6"]
[White "Koehler, Jerome"]
[Black "Castanier, Carl"]
[Result "1-0"]
[WhiteElo "2031"]
[BlackElo "1995"]
[PlyCount "99"]
[EventDate "2007.11.25"]
[SourceDate "2007.10.27"]

1. e4 e5 2. Nf3 Nc6 3. Bc4 Bc5 4. b4 Bxb4 5. c3 Ba5 6. d4 Qf6 7. O-O h6 8. Qb3
Nge7 9. dxe5 Qg6 10. Ba3 Bb6 11. Qc2 Qh5 12. Be2 Ng6 13. Nbd2 Ngxe5 14. Rae1 d6
15. Nxe5 Qxe5 16. Nc4 Qe6 17. Qa4 Bc5 18. Bxc5 dxc5 19. Ne3 O-O 20. Bc4 Qe5 21.
Nd5 Be6 22. f4 Qd6 23. Rd1 Bxd5 24. Bxd5 Qe7 25. Bxc6 bxc6 26. Qxc6 Rad8 27. e5
Rxd1 28. Rxd1 Rd8 29. Rxd8+ Qxd8 30. Qxc5 Qd2 31. g3 Qxa2 32. Qxc7 Qb1+ 33. Kf2
Qc2+ 34. Ke3 Qxh2 35. Qd8+ Kh7 36. Qd3+ Kg8 37. Qd8+ Kh7 38. Qd3+ Kg8 39. Kf3
Qh1+ 40. Ke3 Qg1+ 41. Ke4 Qg2+ 42. Kd4 Qf2+ 43. Kd5 Qa2+ 44. c4 Kf8 45. f5 Ke7
46. Qd4 Qg2+ 47. Kc5 Qxg3 48. Qd6+ Ke8 49. Qb8+ Kd7 50. e6+ 1-0

[Event "Reims Echec et Mat-Obernai"]
[Site "Metz"]
[Date "2007.11.25"]
[Round "3.7"]
[White "Barnier, Christophe"]
[Black "Wimmer, Olivier"]
[Result "0-1"]
[WhiteElo "1925"]
[BlackElo "2074"]
[PlyCount "46"]
[EventDate "2007.11.25"]
[SourceDate "2007.10.27"]

1. d4 d5 2. Nf3 c6 3. c4 a6 4. cxd5 cxd5 5. Nc3 Nf6 6. e3 Nc6 7. Bd3 Bg4 8. O-O
e6 9. a3 Be7 10. h3 Bh5 11. b4 O-O 12. Bb2 b5 13. Rc1 Rc8 14. Ne2 Ne4 15. Nf4
Bxf3 16. gxf3 Nd6 17. Bb1 Nc4 18. Qd3 g6 19. Ba1 Bd6 20. Ng2 e5 21. h4 Qf6 22.
e4 exd4 23. exd5 N6e5 0-1

[Event "Reims Echec et Mat-Obernai"]
[Site "Metz"]
[Date "2007.11.25"]
[Round "3.8"]
[White "Stahl, Clement"]
[Black "Desanlis, Anne Sophie"]
[Result "1-0"]
[WhiteElo "2026"]
[BlackElo "1910"]
[PlyCount "66"]
[EventDate "2007.11.25"]
[SourceDate "2007.10.27"]

1. e4 c5 2. Nf3 e6 3. c3 d5 4. e5 Nc6 5. d4 Qc7 6. Be2 cxd4 7. cxd4 Bb4+ 8. Nc3
Bxc3+ 9. bxc3 Na5 10. O-O Qxc3 11. Qa4+ Bd7 12. Bb5 Bxb5 13. Qxb5+ Nc6 14. Bd2
Qc4 15. Qxb7 Rb8 16. Qc7 Nge7 17. Bg5 Rc8 18. Qd6 Nf5 19. Qa3 Qb4 20. Qxb4 Nxb4
21. g4 Ne7 22. Rab1 Nec6 23. Rfc1 Kd7 24. a3 Na6 25. Bd2 Rb8 26. Bc3 Rhc8 27.
Kf1 Nc7 28. a4 Na6 29. Ke2 Ncb4 30. Bxb4 Rxb4 31. Rxb4 Nxb4 32. Rxc8 Kxc8 33.
Kd2 Kc7 {suite illisible} 1-0

[Event "Reims Echec et Mat-Saverne"]
[Site "Reims"]
[Date "2007.12.16"]
[Round "4.1"]
[White "Camus, Berenger"]
[Black "Gramlich, Sebastian"]
[Result "1-0"]
[WhiteElo "2157"]
[BlackElo "2312"]
[PlyCount "61"]
[EventDate "2007.12.16"]
[SourceDate "2007.10.27"]

1. d4 d5 2. c4 Nc6 3. Nc3 dxc4 4. Nf3 Bg4 5. d5 Bxf3 6. exf3 Ne5 7. Bf4 Ng6 8.
Bg3 a6 9. Bxc4 Nf6 10. Qb3 b5 11. Nxb5 axb5 12. Bxb5+ Nd7 13. Rc1 Rc8 14. Qc4
e5 15. dxe6 fxe6 16. Qxe6+ Be7 17. O-O Ngf8 18. Qd5 c6 19. Rxc6 Rxc6 20. Bxc6
h5 21. Re1 g6 22. a4 Rh7 23. b4 Qb6 24. Bd6 Kd8 25. a5 Qa7 26. h3 Qa6 27. Kh2
Qa7 28. Re3 h4 29. f4 Bxd6 30. Qxd6 Qb8 31. Re8+ 1-0

[Event "Reims Echec et Mat-Saverne"]
[Site "Reims"]
[Date "2007.12.16"]
[Round "4.2"]
[White "Lisanti, Andre"]
[Black "Varoquier, Romain"]
[Result "1/2-1/2"]
[WhiteElo "2262"]
[BlackElo "2071"]
[PlyCount "90"]
[EventDate "2007.12.16"]
[SourceDate "2007.10.27"]

1. Nf3 d5 2. c4 e6 3. e3 Nf6 4. b3 Be7 5. Bb2 Nbd7 6. g3 O-O 7. Bg2 Ne4 8. Qc2
Bf6 9. d4 c6 10. O-O Qc7 11. Ne1 b6 12. f3 Nd6 13. cxd5 exd5 14. Nc3 Qb8 15.
Nd3 Re8 16. Rae1 Bb7 17. f4 Ba6 18. Ne5 Nxe5 19. dxe5 Bxf1 20. Kxf1 Be7 21.
exd6 Qxd6 22. Qd3 Bf8 23. Qd4 Rad8 24. Re2 Qh6 25. Kg1 Qh5 26. Qd3 b5 27. Rc2
Bc5 28. Nd1 Bxe3+ 29. Nxe3 Rxe3 30. Qd4 f6 31. Qxe3 Qd1+ 32. Bf1 Qxc2 33. Qe6+
Kh8 34. Bxf6 Qg6 35. Bxg7+ Qxg7 36. Qxc6 Qd4+ 37. Kg2 b4 38. Bd3 Qb6 39. Qc2
Qb7 40. Qc5 Rc8 41. Qd4+ Kg8 42. f5 a5 43. f6 Rd8 44. Qe5 Qf7 45. Bb5 Rf8
1/2-1/2

[Event "Reims Echec et Mat-Saverne"]
[Site "Reims"]
[Date "2007.12.16"]
[Round "4.3"]
[White "Garcia, Gilles"]
[Black "Schlupp, Olivier"]
[Result "0-1"]
[WhiteElo "2017"]
[BlackElo "2135"]
[PlyCount "72"]
[EventDate "2007.12.16"]
[SourceDate "2007.10.27"]

1. d4 d5 2. c4 c6 3. Nc3 Nf6 4. Nf3 dxc4 5. e4 b5 6. e5 Nd5 7. Be2 Nxc3 8. bxc3
e6 9. O-O Be7 10. Ne1 Bb7 11. Be3 Nd7 12. f4 O-O 13. Bg4 Nb6 14. Qf3 Nd5 15.
Bd2 c5 16. Qh3 cxd4 17. cxd4 b4 18. Nf3 c3 19. Bc1 a5 20. Ng5 Bxg5 21. fxg5 Ne7
22. Be3 Be4 23. Rf4 Bg6 24. Raf1 Nd5 25. R4f3 Nxe3 26. Rxe3 Qxd4 27. Kh1 c2 28.
Rc1 Qd2 29. Ree1 Rac8 30. Qb3 Rc3 31. Qb2 Qxg5 32. Be2 h5 33. Bb5 h4 34. h3 Rd8
35. Ba4 Rd2 36. Bc6 Rxc6 0-1

[Event "Reims Echec et Mat-Saverne"]
[Site "Reims"]
[Date "2007.12.16"]
[Round "4.4"]
[White "Dann, Matthias"]
[Black "Oudot, Jean Baptiste"]
[Result "1-0"]
[WhiteElo "2118"]
[BlackElo "2104"]
[PlyCount "51"]
[EventDate "2007.12.16"]
[SourceDate "2007.10.27"]

1. e4 c5 2. Nf3 Nc6 3. d4 cxd4 4. Nxd4 Nf6 5. Nc3 e5 6. Ndb5 d6 7. Bg5 a6 8.
Na3 b5 9. Nd5 Be7 10. Bxf6 Bxf6 11. c3 Ne7 12. Nxf6+ gxf6 13. Be2 f5 14. exf5
Bxf5 15. Nc2 d5 16. a4 Rb8 17. axb5 axb5 18. O-O Rg8 19. g3 Qd6 20. Bf3 h5 21.
Ne3 Be6 22. Bxh5 e4 23. Qd4 Qf4 24. Ra6 Qg5 25. Rxe6 Qxh5 26. Nxd5 1-0

[Event "Reims Echec et Mat-Saverne"]
[Site "Reims"]
[Date "2007.12.16"]
[Round "4.5"]
[White "Castanier, Carl"]
[Black "Ruffenach, Alain"]
[Result "0-1"]
[WhiteElo "1995"]
[BlackElo "2069"]
[PlyCount "120"]
[EventDate "2007.12.16"]
[SourceDate "2007.10.27"]

1. e4 g6 2. Bc4 Bg7 3. c3 d6 4. Nf3 Nf6 5. e5 dxe5 6. Nxe5 e6 7. d4 Nd5 8. Nd2
O-O 9. O-O c5 10. Nef3 cxd4 11. Nxd4 Qc7 12. Qb3 Nc6 13. Bxd5 Nxd4 14. cxd4
exd5 15. Qxd5 Be6 16. Qc5 Qd7 17. Nf3 Rfc8 18. Qg5 Rc2 19. Rd1 Rac8 20. Ne1 Re2
21. h3 Rc4 22. Nf3 Bf5 23. Bd2 Be4 24. Qh4 Bf8 25. Bc3 Bd6 26. Ne5 Qc7 27. Qg4
Rxf2 28. Qxe4 Rf5 29. Nxc4 Qxc4 30. Qd3 Qd5 31. Re1 h6 32. Qe4 Qc4 33. d5 Rf1+
34. Rxf1 Qxe4 35. Rae1 Qxd5 36. Re8+ Bf8 37. Rfe1 f5 38. R1e5 Qd1+ 39. Re1 Qa4
40. R1e7 Qd1+ 41. Kh2 Qd6+ 42. Re5 Kf7 43. g3 Qd7 44. Rb8 Bg7 45. Ree8 Bxc3 46.
Rf8+ Ke7 47. bxc3 Qa4 48. Rfc8 Qxa2+ 49. Kg1 Qb1+ 50. Kf2 Qc2+ 51. Kf3 Qe4+ 52.
Kf2 Kd7 53. Rd8+ Kc6 54. Rbc8+ Kb5 55. Rd4 Qc2+ 56. Kf3 b6 57. Rb4+ Ka5 58. g4
Qd1+ 59. Ke3 Qe1+ 60. Kd4 Qe4# 0-1

[Event "Reims Echec et Mat-Saverne"]
[Site "Reims"]
[Date "2007.12.16"]
[Round "4.6"]
[White "Brolly, Pierre Louis"]
[Black "Barnier, Christophe"]
[Result "1-0"]
[WhiteElo "1980"]
[BlackElo "1925"]
[PlyCount "97"]
[EventDate "2007.12.16"]
[SourceDate "2007.10.27"]

1. e4 c5 2. Nf3 d6 3. d4 cxd4 4. Nxd4 a6 5. Nc3 Nf6 6. Be3 e5 7. Nb3 Be6 8. f4
Ng4 9. Bc1 exf4 10. Bxf4 Nc6 11. Qd2 Nge5 12. Nd5 b5 13. O-O-O Rc8 14. Nd4 Bg4
15. Re1 Qa5 16. Qxa5 Nxa5 17. h3 Be6 18. Nxe6 fxe6 19. Nb4 Ra8 20. Rd1 Be7 21.
Be2 O-O 22. Rhf1 Rxf4 23. Rxf4 Bg5 24. g3 Ng6 25. Kb1 Nxf4 26. gxf4 Bxf4 27.
Bg4 Kf7 28. Nd3 Bh6 29. e5 Rd8 30. Nc5 d5 31. Bxe6+ Ke7 32. Rf1 Nc4 33. Rf7+
Ke8 34. Nxa6 Rc8 35. Nc7+ Rxc7 36. Rxc7 Nxe5 37. Bg8 Nc4 38. Bxh7 Nd6 39. Bd3
d4 40. Rc5 Ke7 41. Bxb5 Be3 42. Bd3 Kd7 43. a4 Nb7 44. Bb5+ Kd6 45. Rc6+ Kd5
46. Rc7 Nd6 47. Rxg7 Kc5 48. Bd3 Kb6 49. b4 1-0

[Event "Reims Echec et Mat-Saverne"]
[Site "Reims"]
[Date "2007.12.16"]
[Round "4.7"]
[White "Billon, Olivier"]
[Black "Berring, Alain"]
[Result "1-0"]
[WhiteElo "1928"]
[BlackElo "2037"]
[PlyCount "79"]
[EventDate "2007.12.16"]
[SourceDate "2007.10.27"]

1. e4 c5 2. Nf3 e6 3. d4 cxd4 4. Nxd4 a6 5. Nc3 Qc7 6. Bd3 Nf6 7. O-O Bc5 8.
Be3 d6 9. Qf3 Nbd7 10. Qg3 g6 11. Kh1 Nh5 12. Qh4 Nhf6 13. f4 b5 14. e5 b4 15.
exf6 bxc3 16. bxc3 Bb7 17. Nxe6 Bxg2+ 18. Kxg2 Qc6+ 19. Kf2 Bxe3+ 20. Kxe3 fxe6
21. Bxg6+ Kd8 22. Kd2 Qg2+ 23. Rf2 Qxg6 24. f7+ Qf6 25. Qh5 Ke7 26. f5 e5 27.
Rg1 Qxf7 28. f6+ Ke8 29. Qf5 Rf8 30. Rg7 Qd5+ 31. Kc1 Qh1+ 32. Rf1 Qc6 33. Qe6+
Kd8 34. Rxh7 Kc7 35. Rg1 Rae8 36. Re7 Rxe7 37. fxe7 Re8 38. Rg8 Nc5 39. Qf7
Rxg8 40. e8=Q+ 1-0

[Event "Reims Echec et Mat-Saverne"]
[Site "Reims"]
[Date "2007.12.16"]
[Round "4.8"]
[White "Kuchly, Audrey"]
[Black "Chittier, Celine"]
[Result "1-0"]
[WhiteElo "1560"]
[BlackElo "1750"]
[PlyCount "63"]
[EventDate "2007.12.16"]
[SourceDate "2007.10.27"]

1. e4 c6 2. d4 d5 3. exd5 cxd5 4. c3 Bf5 5. Nd2 e6 6. Ngf3 Bd6 7. Bb5+ Nc6 8.
O-O Nge7 9. Re1 O-O 10. Nf1 a6 11. Bd3 Qc7 12. Ne3 Bxd3 13. Qxd3 f6 14. c4 Nb4
15. Qe2 Ng6 16. cxd5 exd5 17. a3 Nf4 18. Qd1 Nbd3 19. Nxd5 Qa5 20. Nxf4 Nxe1
21. Nxe1 Rfe8 22. Nf3 Re7 23. Nd3 Rae8 24. g3 Re2 25. Be3 R8xe3 26. fxe3 Rxe3
27. Kf2 Re7 28. Qb3+ Kf8 29. Rc1 Qf5 30. Re1 Rc7 31. Re2 a5 32. Qe6 1-0

[Event "Epinal-Mundolsheim"]
[Site "Mundolsheim"]
[Date "2007.12.16"]
[Round "4.1"]
[White "Bastian, Herbert"]
[Black "Anka, Emil"]
[Result "1-0"]
[WhiteElo "2391"]
[BlackElo "2407"]
[PlyCount "65"]
[EventDate "2007.12.16"]
[SourceDate "2007.10.27"]

1. e4 c5 2. Nc3 a6 3. g3 b5 4. Bg2 Bb7 5. Nge2 Nf6 6. O-O e6 7. d3 d5 8. exd5
Nxd5 9. Ne4 Nc6 10. c4 Nb6 11. Be3 bxc4 12. Nxc5 Bxc5 13. Bxc5 cxd3 14. Nf4 Na5
15. Nxe6 fxe6 16. Qh5+ g6 17. Qe5 Kf7 18. Bd4 Rg8 19. Rfe1 Qe7 20. Qf4+ Ke8 21.
Bxb7 Nxb7 22. Bxb6 Rf8 23. Qe3 Rf5 24. Qxd3 Rb5 25. Qe3 Rc8 26. Rac1 Rxc1 27.
Rxc1 Nd6 28. Bc5 Qd7 29. Qe5 Nf7 30. Qg7 Rxc5 31. Rxc5 Qd1+ 32. Kg2 Qd7 33. Qc3
1-0

[Event "Epinal-Mundolsheim"]
[Site "Mundolsheim"]
[Date "2007.12.16"]
[Round "4.2"]
[White "Bogner, Sebastian"]
[Black "Adrian, Claude"]
[Result "1-0"]
[WhiteElo "2383"]
[BlackElo "2279"]
[PlyCount "89"]
[EventDate "2007.12.16"]
[SourceDate "2007.10.27"]

1. Nf3 Nf6 2. c4 e6 3. Nc3 c5 4. e3 b6 5. d4 cxd4 6. exd4 Bb7 7. Bd3 Be7 8. O-O
d5 9. cxd5 Nxd5 10. Re1 O-O 11. Ne5 Nd7 12. Nf3 N7f6 13. Bg5 Rc8 14. Rc1 h6 15.
Be3 Qd6 16. Qd2 Rfd8 17. Ne5 Nxc3 18. bxc3 Qd5 19. f3 Ba3 20. Rc2 Bf8 21. Bf2
Qa5 22. Bh4 Be7 23. Qe2 Rf8 24. c4 Rcd8 25. Bf2 Nd7 26. Ng6 Rfe8 27. Nxe7+ Rxe7
28. Rf1 Ba6 29. Rd1 Nf6 30. Rcd2 Red7 31. Bh4 Qh5 32. Bg3 Qg5 33. Qf2 Qa5 34.
Be5 Ne8 35. Qg3 f6 36. Bf4 g5 37. Be3 Ng7 38. h4 Nf5 39. Qh3 Kg7 40. Bf2 Nxd4
41. hxg5 Qxg5 42. f4 Qc5 43. Qg4+ Kh8 44. Qg6 Qf8 45. Bxd4 1-0

[Event "Epinal-Mundolsheim"]
[Site "Mundolsheim"]
[Date "2007.12.16"]
[Round "4.3"]
[White "Spielmann, Alain"]
[Black "Peter, Sebastien"]
[Result "0-1"]
[WhiteElo "2273"]
[BlackElo "2292"]
[PlyCount "130"]
[EventDate "2007.12.16"]
[SourceDate "2007.10.27"]

1. d4 e6 2. Nf3 Nf6 3. e3 c5 4. Bd3 b6 5. O-O Bb7 6. c4 Be7 7. Nc3 cxd4 8. exd4
Nc6 9. d5 exd5 10. cxd5 Nb4 11. Bc4 Qc7 12. Bb3 O-O 13. a3 Na6 14. Bg5 d6 15.
Rc1 Qd8 16. Qd2 h6 17. Bf4 Nc7 18. Rfe1 Qd7 19. Ba4 b5 20. Bc2 Ncxd5 21. Nxd5
Bxd5 22. Nd4 Rfe8 23. Bf5 Qb7 24. Bxh6 Bf8 25. Bg5 Ne4 26. Bxe4 Bxe4 27. f3 Bg6
28. Nc6 Rac8 29. Rxe8 Rxe8 30. Be3 a6 31. Bd4 f6 32. Kf2 Bf7 33. Be3 Qd7 34.
Nd4 d5 35. Qc3 Bd6 36. Qc6 Qd8 37. Qxa6 Bxh2 38. Rc3 Qb8 39. Qxb5 Bg3+ 40. Kf1
Qe5 41. Ne2 Bh4 42. Qd7 Re7 43. Qg4 Qh2 44. Rc8+ Kh7 45. Qf5+ g6 46. Qf4 Qh1+
47. Ng1 Bg5 48. Qb8 Kg7 49. Bc5 Be3 50. Bxe3 Rxe3 51. Qb4 g5 52. Qd4 Re6 53.
Kf2 Qh2 54. b4 Qd6 55. Rc3 Qa6 56. Re3 Rc6 57. Ne2 Rc4 58. Qd2 Qa7 59. Kg3 Qc7+
60. Kf2 Qa7 61. Kg3 d4 62. Rd3 Qc7+ 63. Kf2 Rc2 64. Qd1 Qc4 65. Kf1 Qa2 {
suite illisible} 0-1

[Event "Epinal-Mundolsheim"]
[Site "Mundolsheim"]
[Date "2007.12.16"]
[Round "4.4"]
[White "Martin, Cedric"]
[Black "Bakalarz, Mietek"]
[Result "0-1"]
[WhiteElo "2091"]
[BlackElo "2342"]
[PlyCount "84"]
[EventDate "2007.12.16"]
[SourceDate "2007.10.27"]

1. e4 c5 2. Nf3 d6 3. d4 cxd4 4. Nxd4 Nf6 5. Nc3 g6 6. h3 Bg7 7. g3 Nc6 8. Be3
O-O 9. Bg2 Bd7 10. Qd2 Rc8 11. O-O Re8 12. a4 Ne5 13. b3 Qa5 14. Nce2 Qxd2 15.
Bxd2 Nc6 16. Nb5 a6 17. Na3 Be6 18. c4 Nd7 19. Rab1 Nc5 20. Rfd1 f5 21. f3 fxe4
22. fxe4 Rf8 23. Bc3 Bxc3 24. Nxc3 a5 25. Nc2 Rf7 26. Nd4 Nxd4 27. Rxd4 Rcf8
28. Rd2 g5 29. Nb5 Kg7 30. Nd4 Bd7 31. Re2 e5 32. Nb5 Bxb5 33. axb5 Kf6 34. Kf2
Ke7+ 35. Ke3 h5 36. Rbb2 g4 37. h4 Nxb3 38. Rxb3 Rf3+ 39. Bxf3 Rxf3+ 40. Kd2
Rxb3 41. Ke1 Rxg3 42. Ra2 b6 0-1